000
00493nam a2200145Ia 4500
008
151213s9999 xx 000 0 und d
100
_a
রাজীব হুমায়ন।
245
_a
নীল পানিয়া।
_c
রাজীব হুমায়ন।
260
_a
ঢাকা
_b
দ্বীপ প্রকাশন।
_c
1992
300
_a
8445 p.
650
_a
Bangla
650
_a
Bengali Literature
700
_a
রাজীব হুমায়ন।
999
_c
4283
_d
4283